| 000 | 00616cam a2200181 i 4500 | ||
|---|---|---|---|
| 999 |
_c114130 _d114130 |
||
| 001 | 3152479 | ||
| 005 | 20191004111410.0 | ||
| 008 | 750711s1974 enka b 100 0 eng | ||
| 020 | _a080399902X : | ||
| 040 | _cPK-LaUMT | ||
| 082 | 0 | 0 |
_a301.0941 _bSOC- |
| 245 | 0 | 0 |
_aSociological theory and survey research : _binstitutional change and social policy in Great Britain / _cedited by Timothy Leggatt |
| 260 |
_aLondon ; _aBeverly Hills, Calif. : _bSage Publications, _c1974 |
||
| 300 |
_a334 p. : _bill. ; _c24 cm. |
||
| 700 | 1 | _aLeggatt, T. W. | |
| 710 | 2 | _aSocial Science Research Council (Gt. Brit.). | |
| 942 | _cBK | ||